Wenn Nationalflaggen … ein bisschen lächerlicher wären - Statistiken

Allgemein
  • Dieses Quiz wurde 5.093 mal gespielt
  • Das Durchschnittsergebnis liegt bei 14 aus 16
Antwortstatistiken
Bildquiz Hint Antwort % Korrekt
Das Ahornblatt wurde verdreifacht Kanada
100%
50 Diamanten statt Sterne Vereinigte Staaten
100%
4 winzige Sterne pro kleinem Stern China
99%
Roter Kreis → Ketchup-Fleck Japan
99%
Die Sonne trägt eine Sonnenbrille Argentinien
98%
Pasta übernimmt die Kontrolle Italien
97%
Blaue Erdkugel → 🥶 Brasilien
96%
Das Rad will nicht so richtig Indien
95%
Davidstern → Olivenbaum Israel
95%
Straße mit Parkplätzen Norwegen
95%
Halbmond → Banane Türkei
95%
Zedernbaum → Brokkoli Libanon
88%
Weißer Drache → Rayquaza Bhutan
78%
Dreizack → Besteck Barbados
72%
Jetzt nur noch Regenbogenstreifen Seychellen
69%
Es lächelt dich an Mauretanien
55%
Keine übereinstimmenden Quizze gefunden
Verteilung der Resultate
Anzahl Personen mit jedem Resultat
Perzentil nach korrekt beantworteten Fragen
Ihre Resultats-Entwicklung
Sie haben dieses Quiz noch nicht gespielt